| LEADER | 00813nam a2200205 a 4500 | ||
|---|---|---|---|
| 001 | GR-MES4203 | ||
| 008 | 991111s gr 000 0 gre d | ||
| 040 | |a GrPaTEI |b gre |c GR-PaULI | ||
| 245 | 0 | 0 | |a Εθιμα και κράτος εις την νεωτέραν Ελλάδα. |
| 260 | |a Αθήνα : |b Παπαζήση, |c [χ.χ] | ||
| 300 | |a 430σελ. | ||
| 500 | |a Περιέχει σημειώσεις | ||
| 650 | 4 | |a ΕΘΙΜΑ | |
| 650 | 4 | |a Ελλάδα | |
| 700 | 1 | |a Βαζούρας, Α. | |
| 710 | 0 | |a Παπαζήση | |
| 942 | |2 ddc | ||
| 952 | |0 0 |1 0 |2 ddc |4 0 |6 306_089000000000000_893_ΒΑΖ |7 0 |9 268868 |a MSLG |b MSLG |c BSC |d 2021-01-17 |e 24 |f 0 |g 0.00 |l 0 |o 306.089 893 ΒΑΖ |p 2420000005943 |r 2021-01-17 00:00:00 |t 1 |w 2021-01-17 |y BK15 |x 19991111 0 1 |x GrPaTEI | ||
| 971 | |a .b25752492 |b 15-04-20 |c 13-09-16 | ||
| 999 | |c 154981 |d 154981 | ||